The meaning of life from a Buddhist perspective /

Bibliographic Details
Main Author: Bstan-ʼdzin-rgya-mtsho, Dalai Lama XIV, 1935-
Other Authors: Hopkins, Jeffrey
Format: Book
Language:English
Published: Boston : Wisdom Publications, [1993]
Subjects:

MARC

Tag First Indicator Second Indicator Subfields
LEADER 00000cam a22000008a 4500
001 in00002000682
005 20151031122159.0
008 910820s1993 mauaf b 001 0 eng
010 |a  91030315  
020 |a 0861710967 (acid-free paper) :  |c $12.50 
035 |a (OCoLC)ocm24372943 
040 |a DLC  |c DLC  |d BAN  |d OBE  |d OCL  |d TXA  |d UtOrBLW 
041 1 |a eng  |h tib 
049 |a TXAM 
050 0 0 |a BQ7935.B774  |b M4 1993 
082 0 0 |a 294.3/42  |2 20 
100 0 |a Bstan-ʼdzin-rgya-mtsho,  |c Dalai Lama XIV,  |d 1935- 
245 1 4 |a The meaning of life from a Buddhist perspective /  |c Tenzin Gyatso, the Fourteenth Dalai Lama ; translated and edited by Jeffrey Hopkins. 
246 3 |a Dalai Lama: the meaning of life 
263 |a 9110 
264 1 |a Boston :  |b Wisdom Publications,  |c [1993] 
300 |a xi, 111 pages, 4 unnumbered pages of plates :  |b illustrations (some color) ;  |c 23 cm. 
336 |a text  |b txt  |2 rdacontent 
337 |a unmediated  |b n  |2 rdamedia 
338 |a volume  |b nc  |2 rdacarrier 
500 |a Translation of a series of lectures in Tibetan given in London, 1984. 
504 |a Includes bibliographical references (pages [105]-108) and index. 
650 0 |a Buddhism  |x Doctrines. 
650 0 |a Religious life  |x Buddhism. 
700 1 |a Hopkins, Jeffrey. 
948 |a cataloged  |b h  |c 2004/10/12  |d c  |e eneff  |f 2:39:09 pm 
994 |a E0  |b TXA 
999 |a MARS 
999 f f |s dfe7aab4-c095-3535-bacb-a0dbbe2decc4  |i 9fb4ceb1-9be0-3fc7-855a-9b37e6e35a00  |t 0 
952 f f |p normal  |a Texas A&M University  |b College Station  |c Sterling C. Evans Library  |d Evans: Library Stacks  |t 0  |e BQ7935.B774 M4 1993  |h Library of Congress classification  |i unmediated -- volume  |m A14831112984 
998 f f |a BQ7935.B774 M4 1993  |t 0  |l Evans: Library Stacks